[Event "Xtracon Chess Open 2018"]
[Site "Elsinore"]
[Date "2018.07.22"]
[Round "3"]
[White "Fjallheim, Elmar Reinert"]
[Black "Kristiansen, Elias V."]
[Result "1/2-1/2"]
[WhiteElo "1635"]
[BlackElo "1163"]
[EventDate "2018.07.21"]
[WhiteFideId "7201095"]
[BlackFideId "1530003"]

1.e4 Nf6 2.Nc3 d5 3.exd5 Nxd5 4.Nge2 g6 5.d4 Bg7 6.Nxd5 Qxd5 7.Be3 Bf5 8.
Nc3 Qa5 9.a3 O-O 10.b4 Qb6 11.Nd5 Qd6 12.c4 c6 13.Nc3 Rd8 14.Ne2 Qe6 15.
Rc1 Bg4 16.Nf4 Qxe3+ 17.fxe3 Bxd1 18.Rxd1 e5 19.Ne2 exd4 20.exd4 Nd7 21.g3
Nf6 22.h3 Re8 23.Kd2 Ne4+ 24.Ke1 Nxg3 25.Rh2 Nxe2 26.Rxe2 Rxe2+ 27.Kxe2 
Re8+ 28.Kf3 Bh6 29.Rd3 Re1 30.Be2 Rc1 31.d5 cxd5 32.cxd5 Rc8 33.a4 Bf8 34.
d6 Rd8 35.d7 Kg7 36.Rd4 f5 37.a5 Kf6 38.a6 bxa6 39.Bxa6 Ke6 40.Bb5 Ke5 41.
Rc4 h5 42.Bc6 g5 43.b5 g4+ 44.hxg4 hxg4+ 45.Kg2 Kd6 46.Ra4 Be7 47.Rxa7 f4 
48.Ra4 f3+ 49.Kg3 Rf8 50.Ra1 f2 51.Rf1 Kc7 52.Kxg4 Bc5 53.Kg3 1/2-1/2

[Event "Xtracon Chess Open 2018"]
[Site "Elsinore"]
[Date "2018.07.23"]
[Round "4"]
[White "Andreikin, Dmitry"]
[Black "Salomon, Johan"]
[Result "1/2-1/2"]
[WhiteElo "2702"]
[BlackElo "2462"]
[EventDate "2018.07.21"]
[WhiteFideId "4158814"]
[BlackFideId "1509500"]

1.e4 e5 2.Nf3 Nc6 3.d4 exd4 4.Nxd4 Qf6 5.Nf3 Bb4+ 6.c3 Bc5 7.Be2 h6 8.O-O 
Nge7 9.Qd2 d6 10.b4 Bb6 11.Bb2 Qg6 12.Kh1 O-O 13.c4 Qxe4 14.Nc3 Qh7 15.b5 
Ne5 16.Nxe5 dxe5 17.Na4 Bd4 18.Bxd4 exd4 19.Qxd4 Qc2 20.Bd1 Qf5 21.Bf3 Ng6
22.Rfe1 Qg5 23.Qc5 Nh4 24.Bd5 Be6 25.Bxb7 Rad8 26.Qxg5 hxg5 27.Rac1 Rd2 
28.Kg1 Rxa2 29.Nc3 Rb2 30.Nd5 Nf5 31.Nxc7 Bxc4 32.Rxc4 Nd6 33.Ra4 Nxb7 34.
Rxa7 Nd6 35.Ra6 Rc8 36.Nd5 Re2 37.Rb1 Nxb5 38.h4 Nd4 39.hxg5 Re5 40.Rd6 
Kh7 41.g3 Rxg5 42.Kg2 Nf5 43.Rh1+ Nh6 44.Rd7 Rc5 45.Ne3 Rh5 46.Ra1 Ra5 47.
Rb1 Rhb5 48.Rh1 Rh5 49.Rhd1 Rab5 50.Re1 Rhc5 51.Rd8 Re5 52.Red1 g6 53.Nd5 
Rb2 54.Nf6+ Kg7 55.Ne8+ Kh7 56.Nf6+ Kg7 57.Ne8+ Kh7 58.Nf6+ 1/2-1/2

[Event "Xtracon Chess Open 2018"]
[Site "Elsinore"]
[Date "2018.07.23"]
[Round "4"]
[White "Mu, Ke"]
[Black "Saric, Ivan"]
[Result "0-1"]
[WhiteElo "2455"]
[BlackElo "2689"]
[EventDate "2018.07.21"]
[WhiteFideId "8602778"]
[BlackFideId "14508150"]

1.d4 Nf6 2.c4 e6 3.Nf3 Bb4+ 4.Nbd2 O-O 5.a3 Be7 6.g3 b6 7.Bg2 Bb7 8.b4 d6 
9.Bb2 c5 10.dxc5 dxc5 11.b5 Nbd7 12.O-O a6 13.a4 axb5 14.axb5 Rxa1 15.Qxa1
Qa8 16.Qxa8 Rxa8 17.Ra1 Rxa1+ 18.Bxa1 Ne8 19.Ne5 Nxe5 20.Bxe5 Bxg2 21.Kxg2
f6 22.Bb8 Bd6 23.Bxd6 Nxd6 24.Kf3 g5 25.Ke3 Kf7 26.Kd3 f5 27.Nb1 e5 28.f3 
e4+ 29.Kc3 Kf6 30.f4 gxf4 31.gxf4 Kg6 32.Kb3 Kh5 33.Nc3 Kg4 34.Nd5 Nc8 35.
Kc3 Kh3 36.Ne3 Ne7 37.Nd5 Nc8 38.Ne3 Nd6 39.Nd5 Kxh2 40.Nxb6 h5 41.Nd5 h4 
42.b6 h3 43.Ne3 Kg3 0-1

[Event "Xtracon Chess Open 2018"]
[Site "Elsinore"]
[Date "2018.07.23"]
[Round "4"]
[White "Holm, Kristian Stuvik"]
[Black "Jobava, Baadur"]
[Result "1-0"]
[WhiteElo "2453"]
[BlackElo "2644"]
[EventDate "2018.07.21"]
[WhiteFideId "1508083"]
[BlackFideId "13601520"]

1.d4 d5 2.c4 e6 3.Nf3 c6 4.Bg5 f6 5.Bd2 Nd7 6.Qc2 Bd6 7.e4 dxe4 8.Qxe4 Ne7
9.Nc3 e5 10.O-O-O exd4 11.Qxd4 Nc5 12.g4 Ne6 13.Qe4 Qc7 14.Be3 Bf4 15.Rg1 
O-O 16.c5 Bxe3+ 17.Qxe3 Nd5 18.Nxd5 cxd5 19.Rxd5 b6 20.Bc4 Kh8 21.Kb1 Nxc5
22.Nh4 g5 23.Nf5 Bb7 24.Rd4 Rae8 25.Qg3 Be4+ 26.Ka1 Qe5 27.Re1 Qxg3 28.
Nxg3 Bf3 29.Rxe8 Rxe8 30.Kb1 Ne4 31.Bb5 Re5 32.Rd8+ Kg7 33.Nf5+ Rxf5 34.
gxf5 h5 35.Bc6 h4 36.Kc1 g4 37.Rd4 Nxf2 38.Bxf3 gxf3 39.Kd2 1-0

[Event "Xtracon Chess Open 2018"]
[Site "Elsinore"]
[Date "2018.07.23"]
[Round "4"]
[White "Shirov, Alexei"]
[Black "Antonsen, Mikkel"]
[Result "1/2-1/2"]
[WhiteElo "2637"]
[BlackElo "2452"]
[EventDate "2018.07.21"]
[WhiteFideId "2209390"]
[BlackFideId "1401378"]

1.e4 e5 2.Nf3 Nf6 3.Nxe5 d6 4.Nf3 Nxe4 5.d4 d5 6.Bd3 Bd6 7.O-O O-O 8.c4 c6
9.Qc2 Na6 10.a3 Bg4 11.Ne5 Bf5 12.b4 Nc7 13.f3 Bxe5 14.dxe5 Bg6 15.Bb2 Ng5
16.f4 Bxd3 17.Qxd3 Ne4 18.f5 a5 19.b5 Nc5 20.Qe3 Na4 21.e6 fxe6 22.Bd4 c5 
23.Bxc5 Nxc5 24.Qxc5 Rxf5 25.Rxf5 exf5 26.Nc3 Qf6 27.cxd5 Nxb5 28.Qxb5 
Qd4+ 29.Kf1 Qxc3 30.Rd1 Qe5 31.Re1 Qf4+ 32.Kg1 Rf8 33.Qxa5 Qd4+ 34.Kh1 f4 
35.Qb5 h6 36.Qb3 Kh8 37.Qf3 Rd8 38.Rd1 Qe3 39.h4 Kg8 40.Kh2 Qxf3 41.gxf3 
h5 42.Rd4 Kh7 43.d6 Kg6 44.Kh3 Kf5 45.Rd5+ Ke6 46.Rxh5 Rxd6 47.Ra5 b6 48.
Ra7 Kf6 49.Kg4 Rd3 50.a4 Rb3 51.Ra8 b5 52.a5 Ra3 53.Kxf4 b4 54.Ke4 Kg6 55.
a6 b3 56.Kd3 b2+ 57.Kc2 Rxf3 58.Rc8 Ra3 59.Rc6+ Kh5 60.Kxb2 Ra5 61.Kb3 
Kxh4 62.Kb4 Ra1 63.Rc4+ Kg3 64.Kb5 g5 65.Ra4 Rb1+ 66.Kc6 Rb8 67.a7 Ra8 68.
Kb7 Rxa7+ 69.Rxa7 g4 70.Kc6 Kf3 1/2-1/2

[Event "Xtracon Chess Open 2018"]
[Site "Elsinore"]
[Date "2018.07.23"]
[Round "4"]
[White "Korley, Kassa"]
[Black "Hammer, Jon Ludvig"]
[Result "0-1"]
[WhiteElo "2443"]
[BlackElo "2631"]
[EventDate "2018.07.21"]
[WhiteFideId "2033801"]
[BlackFideId "1503707"]

1.Nf3 d5 2.d4 Nf6 3.c4 e6 4.Nc3 c6 5.e3 Nbd7 6.Qc2 Bd6 7.Bd2 O-O 8.Bd3 
dxc4 9.Bxc4 a6 10.Ne4 Nxe4 11.Qxe4 Qe7 12.Bb3 c5 13.O-O Nf6 14.Qh4 cxd4 
15.exd4 Nd5 16.Qe4 f6 17.Rfe1 Qf7 18.Nh4 g6 19.Bh6 Rd8 20.g3 g5 21.Nf3 Qg6
22.Bxd5 exd5 23.Qxd5+ Kh8 24.Nxg5 fxg5 25.Bxg5 Rf8 26.Be7 Bxe7 27.Rxe7 Qf6
28.Qe5 Bh3 29.Rc1 Qxe5 30.Rxe5 Rac8 31.Rc3 b5 32.f4 Rxc3 33.bxc3 Rc8 34.
Rh5 Be6 35.Rh6 Re8 36.f5 Bxf5 37.Rxa6 Rf8 38.Kg2 Bd3 39.Ra5 Bf1+ 0-1

[Event "Xtracon Chess Open 2018"]
[Site "Elsinore"]
[Date "2018.07.23"]
[Round "4"]
[White "Maze, Sebastien"]
[Black "Ni, Shiqun"]
[Result "1/2-1/2"]
[WhiteElo "2628"]
[BlackElo "2435"]
[EventDate "2018.07.21"]
[WhiteFideId "613762"]
[BlackFideId "8608466"]

1.c4 c6 2.Nf3 d5 3.e3 Nf6 4.b3 Bf5 5.Bb2 e6 6.Nc3 h6 7.d4 Nbd7 8.Bd3 Bxd3 
9.Qxd3 Bd6 10.O-O O-O 11.e4 dxe4 12.Nxe4 Nxe4 13.Qxe4 Re8 14.Rfe1 Be7 15.
Rad1 Qa5 16.Qc2 Rad8 17.Re3 Bf6 18.Bc3 Qf5 19.Qe2 Qf4 20.g3 Qc7 21.Kg2 c5 
22.Qb2 cxd4 23.Bxd4 Qc6 24.Bxf6 Nxf6 25.Rd4 Rd6 26.Rxd6 Qxd6 27.Qe5 Qd7 
28.Re2 Rd8 29.Rd2 Qc8 30.Rd6 Rxd6 31.Qxd6 Ne8 32.Qd4 b6 33.Ne5 f6 34.Nd3 
Kf7 35.f3 Qc7 36.h4 Nd6 37.g4 Qc6 38.Nb4 Qc7 39.h5 Ke7 40.Nd3 Nf7 41.c5 
bxc5 42.Nxc5 Ne5 43.Ne4 Qc2+ 44.Qf2 Nxg4 45.fxg4 Qxe4+ 46.Kh3 Qd3+ 47.Kh4 
Qd7 48.Qc5+ Kf7 49.b4 Qe7 50.Qd4 Qc7 51.Kh3 Ke7 52.a4 Qb6 53.Qc3 a6 54.b5 
axb5 55.Qb4+ Kd7 56.axb5 e5 57.Kg2 Ke6 58.Kf3 Kd5 59.Ke2 e4 60.Qb3+ Ke5 
61.Qg3+ Kd5 62.Qb3+ Ke5 63.Qg3+ Kd5 1/2-1/2

[Event "Xtracon Chess Open 2018"]
[Site "Elsinore"]
[Date "2018.07.23"]
[Round "4"]
[White "Andersen, Mads"]
[Black "Vestby-Ellingsen, Mads"]
[Result "1-0"]
[WhiteElo "2597"]
[BlackElo "2429"]
[EventDate "2018.07.21"]
[WhiteFideId "1413864"]
[BlackFideId "1520857"]

1.e4 e5 2.Nf3 Nc6 3.Bb5 a6 4.Ba4 Nf6 5.O-O Be7 6.Re1 b5 7.Bb3 d6 8.c3 O-O 
9.h3 Nb8 10.d4 Nbd7 11.Nbd2 Bb7 12.Bc2 Re8 13.Nf1 Bf8 14.Ng3 g6 15.a4 Nb6 
16.a5 Nbd7 17.b4 d5 18.Nxe5 Nxe5 19.dxe5 Rxe5 20.Bf4 Re8 21.e5 Nd7 22.Qg4 
Qe7 23.Bf5 Bc6 24.Bg5 f6 25.exf6 Qxe1+ 26.Rxe1 Rxe1+ 27.Kh2 gxf5 28.Nxf5 
Re4 29.Qg3 Kf7 30.Qxc7 Re6 31.Bf4 Ree8 32.Qxc6 Nxf6 33.Bg5 Ne4 34.Qxd5+ 
Kg6 35.Nh4+ Kg7 36.Nf5+ Kg6 37.Be3 Rad8 38.Nh4+ Kg7 39.Bd4+ Kh6 40.Be3+ 
Kg7 41.Bd4+ Kh6 42.Nf5+ Kg6 43.Qg8+ 1-0

[Event "Xtracon Chess Open 2018"]
[Site "Elsinore"]
[Date "2018.07.23"]
[Round "4"]
[White "Jepson, Christian"]
[Black "Agdestein, Simen"]
[Result "0-1"]
[WhiteElo "2410"]
[BlackElo "2581"]
[EventDate "2018.07.21"]
[WhiteFideId "1701185"]
[BlackFideId "1500015"]

1.c4 e5 2.Nc3 Nc6 3.Nf3 f5 4.d4 e4 5.Bg5 Be7 6.Bxe7 Ncxe7 7.Nd2 Nf6 8.e3 
d6 9.Be2 O-O 10.g3 c5 11.Nb3 b6 12.Qd2 Be6 13.a4 Bf7 14.O-O Rb8 15.Ra3 a5 
16.Nb5 Nc6 17.Rd1 Qe7 18.Na1 Rbd8 19.Nc2 Rd7 20.Raa1 Rfd8 21.Qc3 Qe8 22.
Ne1 Bh5 23.Qd2 h6 24.f4 exf3 25.Bxf3 Nb4 26.Qe2 Bxf3 27.Qxf3 Ng4 28.Ra3 
Qh5 29.h4 d5 30.cxd5 Nxd5 31.dxc5 bxc5 32.Rad3 Qf7 33.Nc3 Ne5 34.Qxd5 Nxd3
35.Qxf7+ Kxf7 36.Nf3 Re8 0-1

[Event "Xtracon Chess Open 2018"]
[Site "Elsinore"]
[Date "2018.07.23"]
[Round "4"]
[White "Urkedal, Frode Olav Olsen"]
[Black "Hilby, Craig"]
[Result "1-0"]
[WhiteElo "2552"]
[BlackElo "2426"]
[EventDate "2018.07.21"]
[WhiteFideId "1506102"]
[BlackFideId "2062674"]

1.d4 Nf6 2.c4 g6 3.Nc3 d5 4.cxd5 Nxd5 5.e4 Nxc3 6.bxc3 Bg7 7.Bc4 c5 8.Ne2 
O-O 9.O-O Nc6 10.Be3 b6 11.Rb1 Qc7 12.Qc1 Bb7 13.dxc5 Ne5 14.Bd5 Bxd5 15.
exd5 Ng4 16.g3 Nxe3 17.Qxe3 bxc5 18.Rb5 c4 19.Rfb1 Bf6 20.Rc5 Qd6 21.Rb4 
Qa6 22.a4 Rfc8 23.Rcb5 Rc7 24.g4 Qd6 25.g5 Bg7 26.Qe4 Rac8 27.Rb8 Rxb8 28.
Rxb8+ Bf8 29.Qd4 e5 30.dxe6 Qxe6 31.Nf4 Qg4+ 32.Kf1 Rc8 33.Rxc8 Qxc8 34.
Nd5 Qc5 35.Qxc5 Bxc5 36.Ke2 h6 37.gxh6 Kh7 38.Ne3 Bd6 39.h3 Be5 40.Nxc4 
Bxc3 41.Nd6 Bf6 42.Nxf7 Kg8 43.Nd6 Kh7 44.Nb5 a5 45.Na7 Kxh6 46.Kd3 Bh4 
47.f4 Kh5 48.Nc6 Be1 49.Ke4 Bc3 50.Ne5 Bd2 51.Nf3 Bb4 52.f5 gxf5+ 53.Kxf5 
Kh6 54.Kf6 Kh5 55.Kf5 Kh6 56.Ke4 Kg6 57.Ke5 Bc3+ 58.Kd5 Kh5 59.Kc4 Bb4 60.
Kb5 Bc3 61.Kc5 Bb2 62.Kc4 Ba3 63.Kb5 Bb4 64.Kc4 Ba3 65.Nd4 Bb4 66.Nc6 Be1 
67.Kb5 Kh4 68.Nxa5 Kxh3 69.Nc6 Kg4 70.Nb4 Kf5 71.a5 Ke6 72.a6 Bf2 73.Kc6 
Bg1 74.Nd5 Ba7 75.Kb7 Kxd5 76.Kxa7 1-0

[Event "Xtracon Chess Open 2018"]
[Site "Elsinore"]
[Date "2018.07.23"]
[Round "4"]
[White "Hjartarson, Johann"]
[Black "Raghunandan, Kaumandur Srihari"]
[Result "1-0"]
[WhiteElo "2523"]
[BlackElo "2417"]
[EventDate "2018.07.21"]
[WhiteFideId "2300044"]
[BlackFideId "25004964"]

1.c4 Nf6 2.Nc3 g6 3.e4 d6 4.d4 Bg7 5.h3 O-O 6.Be3 Nbd7 7.Nf3 e5 8.d5 Nc5 
9.Nd2 a5 10.g4 Ne8 11.Rg1 f5 12.gxf5 gxf5 13.Qc2 Kh8 14.O-O-O f4 15.Bxc5 
dxc5 16.Nf3 Nd6 17.h4 Qe7 18.Ng5 h6 19.Nf3 Bf6 20.Be2 Bd7 21.Nb5 Bxb5 22.
cxb5 Qh7 23.Qxc5 Qxe4 24.Rde1 Qf5 25.Bd1 e4 26.Bc2 Qh5 27.Ng5 hxg5 28.hxg5
Bxb2+ 29.Kxb2 Qg6 30.Bxe4 Qg7+ 31.Kb1 Rfe8 32.Bd3 b6 33.Qc1 Qd4 34.Qb2 
Qxb2+ 35.Kxb2 Kg7 36.Kc3 Nb7 37.Rh1 Rxe1 38.Rxe1 Kf8 39.Re4 Nd6 40.Rxf4+ 
Kg7 41.Rh4 1-0

[Event "Xtracon Chess Open 2018"]
[Site "Elsinore"]
[Date "2018.07.23"]
[Round "4"]
[White "Akesson, Ralf"]
[Black "Delorme, Axel"]
[Result "0-1"]
[WhiteElo "2397"]
[BlackElo "2515"]
[EventDate "2018.07.21"]
[WhiteFideId "1700120"]
[BlackFideId "632023"]

1.d4 Nf6 2.c4 e6 3.Nc3 Bb4 4.Qc2 O-O 5.a3 Bxc3+ 6.Qxc3 Qe8 7.b4 d6 8.Bb2 
a5 9.b5 b6 10.Nf3 Ne4 11.Qc2 f5 12.g3 Bb7 13.Bg2 Nd7 14.O-O Qg6 15.Rad1 
Rae8 16.Ne1 f4 17.gxf4 Rxf4 18.f3 Ref8 19.e3 R4f5 20.d5 exd5 21.cxd5 Ndc5 
22.Rd4 Nf6 23.e4 Nfxe4 24.Rxe4 Nxe4 25.Qxe4 Bxd5 26.Qc2 R8f7 27.a4 Qe6 28.
Qd2 Bc4 29.Rf2 Rd5 30.Qc1 Be2 31.Bc3 Re7 32.Qc2 Bd1 33.Qa2 Rc5 34.Qa1 Rxc3
0-1

[Event "Xtracon Chess Open 2018"]
[Site "Elsinore"]
[Date "2018.07.23"]
[Round "4"]
[White "Percivaldi, Martin"]
[Black "Lin, Chen"]
[Result "1/2-1/2"]
[WhiteElo "2393"]
[BlackElo "2508"]
[EventDate "2018.07.21"]
[WhiteFideId "1508148"]
[BlackFideId "8602298"]

1.Nf3 Nf6 2.c4 g6 3.Nc3 Bg7 4.e4 d6 5.d4 Bg4 6.Be2 O-O 7.Be3 Nc6 8.d5 Bxf3
9.gxf3 Ne5 10.f4 Ned7 11.h4 c6 12.h5 cxd5 13.exd5 Rc8 14.Qd3 Nb6 15.hxg6 
hxg6 16.Bxb6 Qxb6 17.Rb1 Rfe8 18.f5 gxf5 19.Qxf5 Qd4 20.Rd1 Qe5 1/2-1/2

[Event "Xtracon Chess Open 2018"]
[Site "Elsinore"]
[Date "2018.07.23"]
[Round "4"]
[White "Hagen, Andreas Skytte"]
[Black "Bekker-Jensen, Simon"]
[Result "1/2-1/2"]
[WhiteElo "2383"]
[BlackElo "2483"]
[EventDate "2018.07.21"]
[WhiteFideId "1407341"]
[BlackFideId "1403613"]

1.e4 e5 2.Nf3 Nc6 3.Bb5 a6 4.Ba4 d6 5.c3 g6 6.d4 Bd7 7.O-O Bg7 8.Re1 Nf6 
9.h3 O-O 10.Bc2 Re8 11.Nbd2 Bh6 12.Nf1 Bxc1 13.Qxc1 Kg7 14.Ng3 Qe7 15.Qd2 
h6 16.Rad1 Nh7 17.Qe3 Rad8 18.Rd2 Bc8 19.Ba4 Bd7 20.Bc2 Bc8 21.a3 Ng5 22.
Nh2 Na5 23.Rdd1 Ne6 24.b3 Nf4 25.Ne2 Nxe2+ 26.Qxe2 exd4 27.cxd4 d5 28.b4 
Nc4 29.Ra1 a5 30.bxa5 Nxa5 31.e5 Nc4 32.a4 c5 33.Bd3 cxd4 34.f4 Qh4 35.Qf2
Qxf2+ 36.Kxf2 f6 37.Nf3 fxe5 38.fxe5 Re6 39.Rac1 Ra6 40.Bxc4 dxc4 41.Rxc4 
d3 42.Ke3 Be6 43.Rb4 Bd5 44.Rd4 Rd7 45.Rb1 Ra7 46.Rxd3 Bc6 47.Rxd7+ Bxd7 
48.a5 Bc6 49.Ra1 Ra6 50.Kd4 b6 51.e6 bxa5 52.Ne5 Be8 53.Nc4 a4 54.Ke5 Kf8 
55.Kf6 Bd7 56.Re1 Bc8 1/2-1/2

[Event "Xtracon Chess Open 2018"]
[Site "Elsinore"]
[Date "2018.07.23"]
[Round "4"]
[White "Ochsner, Bjorn Moller"]
[Black "Sawatzki, Frank"]
[Result "0-1"]
[WhiteElo "2469"]
[BlackElo "2380"]
[EventDate "2018.07.21"]
[WhiteFideId "1416928"]
[BlackFideId "4613600"]

1.Nf3 d5 2.c4 c6 3.e3 Nf6 4.Nc3 a6 5.Qc2 g6 6.d4 Bg7 7.Bd3 Bg4 8.Ne5 Be6 
9.O-O O-O 10.b3 c5 11.cxd5 Nxd5 12.Nxd5 Bxd5 13.Qxc5 Bxe5 14.dxe5 Bxg2 15.
Rd1 Qd7 16.Be2 Qh3 17.Qxe7 Be4 18.Qg5 Nc6 19.Bb2 Rfe8 20.Bf1 Qf3 21.Bg2 
Nxe5 22.Bxe5 Qxg2+ 23.Qxg2 Bxg2 24.f4 Bc6 25.Kf2 Re6 26.h4 f6 27.Bd4 Kf7 
28.Rac1 Rd8 29.Rc5 Red6 30.Rd2 R8d7 31.Kg3 Be4 32.Rh2 h5 33.Kf2 Rc6 34.b4 
Rdd6 35.Kg3 b6 36.Rxc6 Rxc6 37.Bb2 Ke6 38.Rd2 Kf5 39.Rd8 Rc2 40.Bd4 Rg2+ 
41.Kh3 Rf2 42.Re8 Rf3+ 43.Kh2 Rf2+ 44.Kg3 Rf3+ 45.Kh2 Bd3 46.Rd8 Kg4 47.
Bxf6 Rxe3 48.Bd4 Re2+ 49.Kg1 Kf3 50.Bxb6 Rg2+ 51.Kh1 Be4 52.Re8 Rxa2 53.
Kg1 Ra1+ 54.Kh2 Re1 55.Re5 Kxf4 0-1

[Event "Xtracon Chess Open 2018"]
[Site "Elsinore"]
[Date "2018.07.23"]
[Round "4"]
[White "Hartung-Nielsen, Jens"]
[Black "Keymer, Vincent"]
[Result "0-1"]
[WhiteElo "2207"]
[BlackElo "2466"]
[EventDate "2018.07.21"]
[WhiteFideId "1400690"]
[BlackFideId "12940690"]

1.c4 e6 2.g3 d5 3.Nf3 Nf6 4.Bg2 dxc4 5.O-O a6 6.Qc2 c5 7.a4 Ra7 8.Ne5 b6 
9.Qxc4 Bb7 10.Bxb7 Rxb7 11.b3 b5 12.axb5 axb5 13.Qc2 Bd6 14.Bb2 O-O 15.d3 
Nd5 16.Nd2 f6 17.Nef3 Nc6 18.Ne4 Rc7 19.Rfc1 Nd4 20.Nxd4 cxd4 21.Qd1 e5 
22.Rxc7 Qxc7 23.Nxd6 Qxd6 24.b4 Rd8 25.Ba3 Nc3 26.Qb3+ Qd5 27.Qxd5+ Nxd5 
28.Rc1 Ra8 29.Rc5 Nc3 30.Bb2 Nxe2+ 31.Kf1 Ra2 0-1

[Event "Xtracon Chess Open 2018"]
[Site "Elsinore"]
[Date "2018.07.23"]
[Round "4"]
[White "Carlstedt, Jonathan"]
[Black "Vitiugov, Nikita"]
[Result "0-1"]
[WhiteElo "2425"]
[BlackElo "2734"]
[EventDate "2018.07.21"]
[WhiteFideId "24614386"]
[BlackFideId "4152956"]

1.d4 Nf6 2.Nf3 e6 3.Bf4 d5 4.e3 c5 5.c3 Nc6 6.Nbd2 Be7 7.Bd3 Nh5 8.Be5 f6 
9.Bg3 g6 10.Qc2 Kf7 11.Rd1 cxd4 12.exd4 Bd7 13.Nb3 Qb6 14.O-O Rac8 15.Qd2 
Nxg3 16.fxg3 Kg7 17.Kh1 Nd8 18.Rde1 Rf8 19.Qe2 Nf7 20.g4 Rce8 21.c4 e5 22.
dxe5 Bb4 23.c5 Qd8 24.Rc1 Bxg4 25.exf6+ Qxf6 26.Qc2 Ne5 27.Nxe5 Qxe5 28.h3
Bd7 29.a3 Rxf1+ 30.Rxf1 Be1 31.Nd2 Bg3 32.Nf3 Qe3 33.b4 Rf8 34.Qc3+ Kh6 
35.Qc1 Qxc1 36.Rxc1 Re8 37.b5 Bf4 38.Rf1 Be3 39.h4 Bxc5 40.Ng5 Rf8 41.Rxf8
Bxf8 42.a4 Be7 43.Nf3 Bg4 44.Be2 Bxh4 0-1

[Event "Xtracon Chess Open 2018"]
[Site "Elsinore"]
[Date "2018.07.23"]
[Round "4"]
[White "Grandelius, Nils"]
[Black "Hoi, Carsten"]
[Result "1/2-1/2"]
[WhiteElo "2668"]
[BlackElo "2389"]
[EventDate "2018.07.21"]
[WhiteFideId "1710400"]
[BlackFideId "1400100"]

1.e4 g6 2.d4 Bg7 3.Nc3 d6 4.Be3 Nf6 5.Qd2 O-O 6.O-O-O Nc6 7.f3 e5 8.Nge2 
exd4 9.Nxd4 Nxd4 10.Bxd4 Be6 11.g4 c5 12.Be3 Qa5 13.a3 Rfd8 14.Bg5 b5 15.
Bxb5 a6 16.Qf4 axb5 17.Bxf6 b4 18.Bxg7 Kxg7 19.Nb1 Ba2 20.Rxd6 Rxd6 21.
Qxd6 Bxb1 22.Kxb1 bxa3 23.Qe5+ Kg8 24.Qc3 Qb6 25.b3 a2+ 26.Ka1 c4 27.Rd1 
cxb3 28.cxb3 Qf2 29.h3 1/2-1/2

[Event "Xtracon Chess Open 2018"]
[Site "Elsinore"]
[Date "2018.07.23"]
[Round "4"]
[White "Aabling-Thomsen, Jakob"]
[Black "Tari, Aryan"]
[Result "0-1"]
[WhiteElo "2379"]
[BlackElo "2615"]
[EventDate "2018.07.21"]
[WhiteFideId "1407589"]
[BlackFideId "1510045"]

1.c4 c5 2.Nf3 Nc6 3.e3 Nf6 4.d4 cxd4 5.exd4 d5 6.Nc3 Bg4 7.cxd5 Nxd5 8.Qb3
Bxf3 9.gxf3 Nb6 10.d5 Nd4 11.Qd1 e5 12.Be3 Bc5 13.f4 Qe7 14.fxe5 Qxe5 15.
Bg2 Nf5 16.O-O Nxe3 17.fxe3 O-O 18.Ne4 Bxe3+ 19.Kh1 Bd4 20.Qb3 Nxd5 21.
Rae1 Nf4 22.Ng3 Qg5 23.Bxb7 Rab8 24.Qf3 Bxb2 25.Rb1 Be5 26.Rb5 Ng6 27.Qe4 
Qd2 28.a4 Rbe8 0-1

[Event "Xtracon Chess Open 2018"]
[Site "Elsinore"]
[Date "2018.07.23"]
[Round "4"]
[White "Hobber, Anders"]
[Black "Bosiocic, Marin"]
[Result "0-1"]
[WhiteElo "2312"]
[BlackElo "2589"]
[EventDate "2018.07.21"]
[WhiteFideId "1505424"]
[BlackFideId "14507927"]

1.d4 d6 2.Nf3 Nf6 3.c4 Nbd7 4.Nc3 e5 5.e3 g6 6.Be2 Bg7 7.O-O O-O 8.Qc2 Re8
9.Rd1 c6 10.b4 e4 11.Nd2 Qe7 12.c5 d5 13.b5 Nf8 14.bxc6 bxc6 15.Qa4 Bd7 
16.Rb1 Ng4 17.h3 Nh6 18.Rb7 Qg5 19.Rxd7 Nxd7 20.Qxc6 Nf6 21.f4 exf3 22.
Nxf3 Qg3 23.Nxd5 Nxd5 24.Qxd5 Nf5 25.Bc4 Rad8 26.Qxf7+ Kh8 27.Qxa7 Rxe3 
28.Qb7 Nh4 29.Nxh4 Re1+ 30.Rxe1 Qxe1+ 31.Kh2 Qxc1 32.Bb3 Qf4+ 33.g3 Qxd4 
0-1

[Event "Xtracon Chess Open 2018"]
[Site "Elsinore"]
[Date "2018.07.23"]
[Round "4"]
[White "Hansen, Sune Berg"]
[Black "Roy, Prantik"]
[Result "1/2-1/2"]
[WhiteElo "2584"]
[BlackElo "2347"]
[EventDate "2018.07.21"]
[WhiteFideId "1400266"]
[BlackFideId "5035120"]

1.c4 c6 2.d4 d5 3.Nf3 Nf6 4.Nc3 a6 5.a4 e6 6.Bf4 Bd6 7.e3 O-O 8.Rc1 Bxf4 
9.exf4 c5 10.dxc5 Qa5 11.Be2 Qxc5 12.cxd5 exd5 13.O-O Nc6 14.Ne5 Qd6 15.
Bf3 Be6 16.Re1 Rfd8 17.g3 Rac8 18.Bg2 Qb4 19.Nd3 Qb6 20.h3 Nb4 21.Qb3 a5 
22.f5 Bxf5 23.Nxb4 Qxb4 24.Qxb4 axb4 25.Nxd5 Rxc1 26.Nxf6+ gxf6 27.Rxc1 b3
28.g4 Be6 29.Bxb7 Rd2 30.Rb1 Bd5 31.Bxd5 Rxd5 32.Kf1 Rd4 33.Re1 Rxa4 34.
Re8+ Kg7 35.Rb8 f5 36.f3 fxg4 37.hxg4 Rc4 38.Rxb3 Rc2 39.Rb5 Kg6 40.Ke1 f6
41.b3 Rb2 42.b4 h6 43.Kf1 Kg7 44.Rb8 Kg6 45.Rb5 Kg7 46.Rb6 Kg6 47.b5 h5 
48.gxh5+ Kxh5 49.Ke1 f5 50.Kd1 Kg5 51.Kc1 1/2-1/2

[Event "Xtracon Chess Open 2018"]
[Site "Elsinore"]
[Date "2018.07.23"]
[Round "4"]
[White "Svane, Rasmus"]
[Black "Taylor, Adam C"]
[Result "1-0"]
[WhiteElo "2580"]
[BlackElo "2326"]
[EventDate "2018.07.21"]
[WhiteFideId "4657101"]
[BlackFideId "424668"]

1.Nf3 d5 2.g3 Nf6 3.Bg2 e6 4.O-O Be7 5.c4 O-O 6.d4 dxc4 7.Qc2 b5 8.a4 b4 
9.Nfd2 c6 10.Nxc4 Qxd4 11.Rd1 Qc5 12.Be3 Qh5 13.Bd4 Ba6 14.Nbd2 Nbd7 15.
Rac1 Nd5 16.Bf3 Qg6 17.e4 N5b6 18.Na5 c5 19.Nc6 Bd6 20.e5 Qxc2 21.Rxc2 
cxd4 22.exd6 d3 23.Ne7+ Kh8 24.Rc7 Ne5 25.Bxa8 Rxa8 26.f4 1-0

[Event "Xtracon Chess Open 2018"]
[Site "Elsinore"]
[Date "2018.07.23"]
[Round "4"]
[White "Bach, Matthias"]
[Black "Chatalbashev, Boris"]
[Result "0-1"]
[WhiteElo "2267"]
[BlackElo "2543"]
[EventDate "2018.07.21"]
[WhiteFideId "4603168"]
[BlackFideId "2900440"]

1.d4 Nf6 2.c4 g6 3.Nc3 d5 4.cxd5 Nxd5 5.g3 Bg7 6.Bg2 Nxc3 7.bxc3 O-O 8.e3 
Nc6 9.Ne2 Na5 10.O-O c6 11.f4 f5 12.Kh1 Be6 13.Ng1 Bd5 14.Nf3 Nc4 15.Qe2 
Qa5 16.Bd2 Qa4 17.Rfc1 Nd6 18.Be1 Qc4 19.Qd1 a5 20.Kg1 Qa6 21.Nd2 a4 22.
Bf2 b5 23.Qe2 Bxg2 24.Kxg2 c5 25.Qf3 Rac8 26.Rab1 Rfd8 27.g4 fxg4 28.Qxg4 
Qc6+ 29.Qf3 cxd4 30.Qxc6 Rxc6 31.cxd4 Rdc8 32.Rxc6 Rxc6 33.Kf3 Rc2 34.Be1 
Rxa2 35.Ne4 Nxe4 36.Kxe4 Rxh2 37.Rxb5 Kf7 38.Ra5 Ra2 39.Bb4 h5 40.f5 g5 
41.Ra7 Bf6 42.d5 h4 43.Bxe7 Bxe7 44.d6 Rd2 45.Rxe7+ Kf6 46.Re6+ Kg7 47.Ke5
a3 48.Re7+ Kh6 49.Ra7 a2 50.Ke6 h3 51.f6 h2 52.f7 Kg7 53.Ke7 Rf2 54.Ke8 
Kg6 0-1

[Event "Xtracon Chess Open 2018"]
[Site "Elsinore"]
[Date "2018.07.23"]
[Round "4"]
[White "Mikalsen, Erlend"]
[Black "Rasmussen, Allan Stig"]
[Result "1/2-1/2"]
[WhiteElo "2292"]
[BlackElo "2536"]
[EventDate "2018.07.21"]
[WhiteFideId "1507338"]
[BlackFideId "1406000"]

1.e4 e6 2.d4 d5 3.Nc3 Nf6 4.Bg5 dxe4 5.Nxe4 Be7 6.Bxf6 gxf6 7.Qd2 b6 8.
O-O-O Bb7 9.Qe3 Nd7 10.f4 f5 11.Nc3 c6 12.Nf3 b5 13.d5 cxd5 14.Bxb5 a6 15.
Ba4 O-O 16.Bxd7 Qxd7 17.g4 fxg4 18.Ne5 Qd6 19.Qg3 f5 20.h3 Bf6 21.hxg4 
Bxe5 22.fxe5 f4 23.Qd3 Qe7 24.Ne2 d4 25.Rhf1 Qg5 26.Nxd4 Bd5 27.Rfe1 f3+ 
28.Qd2 Rf4 29.Kb1 f2 30.Rf1 Qxg4 31.Ne2 Rf7 32.Nc3 Rd8 33.Qe3 Rdf8 34.Rd4 
Qg2 35.Qe2 Rf4 36.Rxf4 Rxf4 37.Nxd5 Qxd5 38.b3 Qd4 39.Qxa6 Qxe5 40.a4 h5 
41.Qb5 Qe1+ 42.Kb2 Rf5 43.Qd3 h4 44.a5 Qxa5 45.Qe3 Qd5 46.c4 Qg2 47.Qxe6+ 
Rf7 48.Qe8+ Kg7 49.Qe5+ Kh7 50.Qh5+ Kg8 51.Qxh4 Qxf1 52.Qg5+ Rg7 53.Qd5+ 
Kf8 54.Qf5+ Rf7 55.Qc5+ Ke8 56.Qe5+ Re7 57.Qb5+ Kd8 58.Qd5+ Rd7 59.Qa5+ 
Kc8 60.Qc5+ Rc7 61.Qf5+ Rd7 62.Qc5+ Kd8 63.Qg5+ Re7 64.Qd5+ Rd7 65.Qg5+ 
Ke8 66.Qe5+ Re7 67.Qb5+ Rd7 68.Qe5+ Re7 1/2-1/2

[Event "Xtracon Chess Open 2018"]
[Site "Elsinore"]
[Date "2018.07.23"]
[Round "4"]
[White "Venkataraman, Karthik"]
[Black "Foisor, Sabina-Francesca"]
[Result "1/2-1/2"]
[WhiteElo "2514"]
[BlackElo "2285"]
[EventDate "2018.07.21"]
[WhiteFideId "25006479"]
[BlackFideId "1212915"]

1.d4 d5 2.c4 c6 3.Nf3 Nf6 4.Nc3 a6 5.c5 g6 6.Bf4 Bg7 7.e3 O-O 8.h3 Bf5 9.
Nh4 Bc8 10.Bd3 Nfd7 11.Nf3 e5 12.Nxe5 Nxe5 13.Bxe5 Bxe5 14.dxe5 Nd7 15.b4 
a5 16.a3 Nxe5 17.Be2 Qg5 18.Kf1 Qf6 19.Rc1 axb4 20.axb4 Ra3 21.Qd4 Be6 22.
f3 Nd7 23.Kf2 Rb3 24.b5 Ra8 25.bxc6 bxc6 26.Rhd1 Raa3 27.Nb1 Ra2 28.Nc3 
Raa3 29.Nb1 Ra2 30.Nc3 1/2-1/2